<?xml version="1.0" encoding="UTF-8"?>
<marc:record xmlns:marc="http://www.loc.gov/MARC21/slim">
   <marc:leader>00000nam a2200000 a 4500</marc:leader>
   <marc:datafield ind1="1" ind2=" " tag="100">
      <marc:subfield code="a">Gabriel, Oscar W.</marc:subfield>
   </marc:datafield>
   <marc:datafield ind1=" " ind2=" " tag="653">
      <marc:subfield code="a">Demokratie</marc:subfield>
   </marc:datafield>
   <marc:datafield ind1=" " ind2=" " tag="653">
      <marc:subfield code="a">EG</marc:subfield>
   </marc:datafield>
   <marc:datafield ind1=" " ind2=" " tag="653">
      <marc:subfield code="a">EG-Binnenmarkt</marc:subfield>
   </marc:datafield>
   <marc:datafield ind1=" " ind2=" " tag="653">
      <marc:subfield code="a">Europa</marc:subfield>
   </marc:datafield>
   <marc:datafield ind1=" " ind2=" " tag="653">
      <marc:subfield code="a">Ökonomie</marc:subfield>
   </marc:datafield>
   <marc:datafield ind1=" " ind2=" " tag="653">
      <marc:subfield code="a">Politik</marc:subfield>
   </marc:datafield>
   <marc:datafield ind1="0" ind2="0" tag="245">
      <marc:subfield code="a">Die EG-Staaten im Vergleich</marc:subfield>
   </marc:datafield>
   <marc:datafield ind1="0" ind2="0" tag="245">
      <marc:subfield code="b">Strukturen, Prozesse, Politikinhalte</marc:subfield>
   </marc:datafield>
   <marc:datafield ind1=" " ind2="1" tag="264">
      <marc:subfield code="a">Opladen</marc:subfield>
      <marc:subfield code="b">Westdt. Verl.</marc:subfield>
      <marc:subfield code="c">1992</marc:subfield>
   </marc:datafield>
   <marc:datafield ind1="1" ind2=" " tag="520">
      <marc:subfield code="a">PZ 1/92*46 Die Kooperation zwischen den EG-Mitgliedsländern wird immer enger. Während dabei über die Europäischen Institutionen häufig berichtet wird, ist dieses Buch der Darstellung der einzelnen nationalen, politischen und wirtschaftlichen Systeme der Mitgliedsländer gewidmet. Das Buch thematisiert Konflikte, Formen der Willensbildung und Verhaltensweisen im politischen Feld der einzelnen Länder. Partizipationsmöglichkeiten, Wahlsysteme, Parteiprogramme und -organisationsstrukturen, Interessenverbände und Massenmedien werden analysiert. Hochinteressante Einblicke bietet nicht zuletzt die Auswertung statistischen Materials aus der EG, etwa der seit 1975 durchgeführten Eurobarometer-Umfragen. Da werden die großen Unterschiede etwa beim Ausländeranteil (Belgien: 8,7%, Italien: 0,7%) ebenso deutlich wie beim Primärenergiebedarf (NL: 5,95, Portugal: 1,29 in 1000 Rohöleinheiten). Oder wußten  Sie, daß die Dänen zwar mit ihrem Leben am zufriedensten sind, es aber nicht schätzen, mit Menschen zusammen zu sein, die andere Ideen und Meinungen vertreten</marc:subfield>
   </marc:datafield>
   <marc:datafield ind1="0" ind2=" " tag="490">
      <marc:subfield code="v">0</marc:subfield>
   </marc:datafield>
   <marc:datafield ind1=" " ind2=" " tag="542">
      <marc:subfield code="d">Gabriel, Oscar W.</marc:subfield>
   </marc:datafield>
   <marc:datafield ind1=" " ind2=" " tag="300">
      <marc:subfield code="a">637 S.</marc:subfield>
   </marc:datafield>
</marc:record>
